Loading...
| Literature - European | 0 | 4 | 0 | 0 | 40 | 53 | 89.25 | 0 | 2 | 9.26 | 21.86 |
| Science - Other | 0 | 4 | 1 | 2 | 35 | 70 | 99.00 | 0 | 0 | 7.07 | 12.37 |
| History - Other | 0 | 3 | 0 | 0 | 30 | 66 | 90.67 | 0 | 0 | 6.05 | 13.65 |
| History - World | 0 | 3 | 0 | 0 | 30 | 39 | 62.00 | 0 | 1 | 12.53 | 16.92 |
| Literature - British | 0 | 3 | 0 | 0 | 30 | 60 | 79.00 | 0 | 0 | 8.96 | 12.37 |
| Fine Arts - Painting and Sculpture | 0 | 3 | 0 | 0 | 30 | 98 | 106.00 | 0 | 0 | 2.19 | 5.64 |
| Current Events | 0 | 3 | 1 | 1 | 25 | 59 | 81.67 | 0 | 1 | 14.81 | 23.46 |
| History - American | 0 | 4 | 3 | 0 | 25 | 61 | 87.00 | 0 | 0 | 8.77 | 12.12 |
| History - European | 0 | 3 | 1 | 0 | 25 | 30 | 45.33 | 0 | 0 | 17.31 | 14.36 |
| Geography | 0 | 2 | 0 | 2 | 20 | 101 | 103.50 | 0 | 0 | 0.00 | 9.62 |
| Popular Culture | 0 | 2 | 0 | 1 | 20 | 90 | 103.00 | 0 | 0 | 4.35 | 8.33 |
| Literature - World | 0 | 2 | 1 | 0 | 15 | 85 | 98.00 | 0 | 0 | 3.12 | 5.51 |
| Science - Physics | 0 | 2 | 1 | 1 | 15 | 103 | 106.50 | 0 | 0 | 0.19 | 3.97 |
| Social Science | 0 | 1 | 0 | 0 | 10 | 72 | 72.00 | 0 | 1 | 4.94 | 11.90 |
| Philosophy | 0 | 1 | 0 | 0 | 10 | 74 | 74.00 | 0 | 0 | 3.34 | 3.85 |
| Religion | 0 | 2 | 2 | 0 | 10 | 61 | 87.00 | 0 | 0 | 4.92 | 6.54 |
| Science - Biology | 0 | 1 | 1 | 0 | 5 | 87 | 87.00 | 0 | 0 | 2.09 | 2.31 |
| Fine Arts - Other | 0 | 1 | 1 | 0 | 5 | 76 | 76.00 | 0 | 0 | 3.33 | 1.54 |
| Mythology | 0 | 1 | 1 | 0 | 5 | 57 | 57.00 | 0 | 0 | 4.82 | 3.85 |
| Science - Chemistry | 0 | 0 | 1 | 0 | -5 | 0.00 | 0 | 0 | 0.00 | 0.00 | |
| Literature - American | 0 | 0 | 1 | 0 | -5 | 0.00 | 0 | 0 | 0.00 | 0.00 |